| 000 | 00459nam a2200157 i 4500 | ||
|---|---|---|---|
| 001 | 52850 | ||
| 003 | ES-MaACL | ||
| 007 | t| | ||
| 008 | 030905s1912 it ||||1| ita d | ||
| 100 | 1 |
_aGiaxa, Vincenzo de. _956628 |
|
| 245 | 1 | 0 |
_aManuale di Igiene / _cVincenzo de Giaxa. |
| 250 | _a5ยช ed. | ||
| 260 |
_aMilano : _bFrancesco Vallardi, _c[1912] ( _fStabilimenti Riuniti d'Arti Grafiche) |
||
| 300 |
_a3 v. : _bil. ; _c24 cm. |
||
| 852 |
_aES-MaACL _jB-4976-78 |
||
| 999 |
_c52850 _d52850 |
||